Vtělená moudrost
Saved in:
| Main Author | |
|---|---|
| Format | Electronic eBook |
| Language | Czech |
| Published |
Portál
2026
|
| Edition | 1. elektronické vydání |
| Subjects | |
| Online Access | Dostupné v BOOKPORT po přihlášení pomocí eduID |
| ISBN | 978-80-262-2428-0 978-80-262-2429-7 978-80-262-2407-5 |
| Physical Description | 1 online zdroj (280 stran) |
Cover
| LEADER | 00000nam a2200000 i 4500 | ||
|---|---|---|---|
| 001 | bkp131889843 | ||
| 003 | CZ-prgp | ||
| 005 | 20260428143756.0 | ||
| 006 | m o d | ||
| 007 | cr cn | ||
| 008 | 260428s2026 xr o 000 0 cze | ||
| 020 | |a 978-80-262-2428-0 |c 423 Kč |q (online ; pdf) | ||
| 020 | |a 978-80-262-2429-7 |c 423 Kč |q (online ; epub) | ||
| 020 | |a 978-80-262-2407-5 |c 549 Kč |q (print) | ||
| 040 | |a Grada |b cze |e rda | ||
| 100 | 1 | |a Moshé, Feldenkrais | |
| 245 | 1 | 0 | |a Vtělená moudrost |c Feldenkrais Moshé |
| 250 | |a 1. elektronické vydání | ||
| 264 | 1 | |b Portál |c 2026 | |
| 300 | |a 1 online zdroj (280 stran) | ||
| 336 | |a text |b txt |2 rdacontent | ||
| 337 | |a počítač |b c |2 rdamedia | ||
| 338 | |a online zdroj |b cr |2 rdacarrier | ||
| 520 | 3 | |a Moshé Feldenkrais dokázal na malé ploše vyjádřit své základní myšlenky velmi pregnantním a srozumitelným způsobem. A přece nebyly Feldenkraisovy články a rozhovory ještě nedávno běžně dostupné. Proto se editorka Elizabeth Beringerová rozhodla shromáždit veškeré autorovy texty tohoto typu z let 1964-1981. Jednotlivé texty jsou doplněny o vysvětlení kontextu a fotografické dokumenty.Publikace shrnuje základní myšlenky Feldenkraisovy metody, například důraz na adaptabilitu organismu jako projev zdraví. Tím, že se vědomě zaměřujeme na své pohybové vzorce, zlepšujeme i své duševní fungování. Publikace rovněž propojuje Feldenkraisovu metodu s dalšími zajímavými kontexty (např. vztah sluchu a prostorové orientace, bojová umění, role předního mozku, herectví) a dokládá, že autor měl propracovaný filozofický pohled na život a byl také v kontaktu s významnými osobnostmi své doby. Některé texty obsahují konkrétní náměty na cvičení nebo vycházejí ze zkušeností se seminářem, který Feldenkrais vedl. | |
| 650 | 0 | 4 | |a Sporty |
| 650 | 0 | 4 | |a Psychologie odborná |
| 650 | 0 | 4 | |a Psychologie pro každého |
| 856 | 4 | 0 | |u https://www.bookport.cz/AccountSaml/SignIn/?idp=https://shibboleth.utb.cz/idp/shibboleth&returnUrl=/kniha/vtelena-moudrost-16012/ |y Dostupné v BOOKPORT po přihlášení pomocí eduID |